000 01335cam a2200241 4500
001 ABS66339
008 030117n2002 000 0 eng u
035 _a(Sirsi) u121052
100 _aLongbottom, J.
245 _aDelay and disruption protocol - a brief overview
260 _c2002
490 _aSurveying
_v11(11) December 2002, 20-22(3)
520 _aOverview of the Society of Construction Law in the UK's official launch of its "Delay and disruption protocol". The preface to the protocol states: 'The protocol exists to provide guidance to all parties to the construction process when dealing with time/delay matters. It recognises that transparency of information and methodology is central to both dispute prevention and dispute resolution'. Article contains outlines of programmes, records, float, concurrency, mitigation, delay analysis, prolongation costs and disruption. Copies of the protocol downloadable at: www.eotprotocol.com.
590 _aABS
650 _aDELAY
650 _aDISRUPTION
650 _aCONCURRENT DELAYS
650 _aMITIGATION
650 _aSOCIETY OF CONSTRUCTION LAW DELAY AND DISRUPTION PROTOCOL
690 _aDispute resolution
_96236
856 _uhttps://www.eotprotocol.com
_zView the delay and disruption protocol on the Society of Construction Law website...
942 _n0
999 _c71934
_d71934